| 000 | 00553nam a22001937a 4500 | ||
|---|---|---|---|
| 001 | 6825 | ||
| 003 | FISKH | ||
| 005 | 20250529152110.0 | ||
| 008 | 250529b cb ||||| |||| 00| 0 eng d | ||
| 020 | _a9789995080440 | ||
| 040 |
_aFISKH _beng _cFISKH _dFISKH |
||
| 082 | _a350 | ||
| 100 | _aBorithy, Lun | ||
| 245 |
_aDirectory of Cambodian non-governent organzations / _cLun Borithy |
||
| 260 |
_aPhnom Penh : _bCooperation Committee for Cambodia , _c2010. |
||
| 300 |
_a597 pages : _billustrations ; _c30 cm . |
||
| 942 |
_2ddc _cBK _n0 |
||
| 999 |
_c6825 _d6825 |
||